| Tag |
First Indicator |
Second Indicator |
Subfields |
| LEADER |
00000cam a2200000Ia 4500 |
| 001 |
in00002564421 |
| 005 |
20151201154224.0 |
| 007 |
he amv---bacp |
| 007 |
hd bfv---baap |
| 008 |
980109q1820uuuuenka jb 000 0 eng d |
| 035 |
|
|
|a (OCoLC)ocm38177119
|
| 037 |
|
|
|a CL0021000022
|b ProQuest Information and Learning, 300 N. Zeeb Rd., Ann Arbor, MI 48106-1346
|
| 040 |
|
|
|a OPP
|c OPP
|d UtOrBLW
|
| 049 |
|
|
|a OPPA
|
| 090 |
|
|
|a PZ5
|b .O67 1990 no.022:061.
|
| 100 |
1 |
|
|a Bolland, W.,
|c Rev.
|
| 245 |
1 |
4 |
|a The servants' monitor :
|b the riches of divine grace, as displayed in the experience and happy death of Mary Whitaker, a servant girl, late of Swineshead, near Boston, Lincolnshire : a sermon preached in Swineshead Church /
|c by W. Bolland.
|
| 246 |
1 |
6 |
|a Riches of divine grace
|
| 246 |
1 |
4 |
|a Experience and happy death of Mary Whitaker
|
| 250 |
|
|
|a 6th ed., corr.
|
| 264 |
|
3 |
|a Boston [England] :
|b Printed by and for J. Noble,
|c [after 1820]
|
| 300 |
|
|
|a 36, 4 pages :
|b illustrations
|
| 336 |
|
|
|a text
|b txt
|2 rdacontent
|
| 337 |
|
|
|a microform
|b h
|2 rdamedia
|
| 338 |
|
|
|a microfiche
|b he
|2 rdacarrier
|
| 500 |
|
|
|a "Advertisement to the third edition" dated: July, 1820.
|
| 500 |
|
|
|a Reproduction of original in the Bodleian Library.
|
| 510 |
4 |
|
|a Opie
|c L 79
|
| 533 |
|
|
|a Microfiche.
|b Ann Arbor, Mich.
|c UMI,
|d 1996.
|e 1 microfiche.
|f (Opie collection of children's literature ; 022:061).
|7 s1996 miun b
|
| 500 |
|
|
|a Microform.
|
| 650 |
|
0 |
|a Funeral sermons.
|
| 600 |
1 |
0 |
|a Whitaker, Malachi,
|d 1895-1975.
|
| 650 |
|
0 |
|a Conversion.
|
| 830 |
|
0 |
|a Opie collection of children's literature ;
|v 022:061.
|
| 999 |
|
|
|a MARS
|
| 999 |
f |
f |
|s 8bbc7991-ba85-35e9-8338-b341f490b4d0
|i 4c888dca-39c2-3520-9c14-1e5a225218f0
|t 0
|
| 952 |
f |
f |
|a Texas A&M University
|b College Station
|c Sterling C. Evans Library
|d Evans: Microforms Fiche (3rd floor)
|t 0
|e PZ5 .O67 1990 no.022:061.
|h Library of Congress classification
|
| 998 |
f |
f |
|a PZ5 .O67 1990 no.022:061.
|t 0
|l Evans: Microforms Fiche (3rd floor)
|